000 00623cam a22002173a 4500
001 38336
003 PGUSA
005 20140828083839.0
008 111218s2011||||xxu|||||s|||||000 | eng d
040 _aPGUSA
_beng
042 _adc
100 1 _aDostoyevsky, Fyodor,
_d1821-1881
245 1 0 _aDer Großinquisitor
_h[electronic resource] /
_cFyodor Dostoyevsky
260 _bProject Gutenberg,
_c2011
506 _aPublic domain in the USA.
516 _aElectronic text
700 1 _aKassner, Rudolf,
_d1873-1959
830 0 _aProject Gutenberg
_v38336
856 4 0 _uhttp://www.gutenberg.org/ebooks/38336
942 _cEB
999 _c267590
_d267590